| 000 | 00844nam a22002537a 4500 | ||
|---|---|---|---|
| 003 | OSt | ||
| 005 | 20260530115318.0 | ||
| 008 | 260508b2005 mx ||||| |||| 00| 0 spa d | ||
| 020 | _a9789706831224 | ||
| 040 |
_aICI _bspa _cICI _erda |
||
| 041 | _aspa | ||
| 050 |
_aNK4210 _bP47 |
||
| 100 | 1 |
_aPérez, Gustavo, _d1950- _933979 |
|
| 245 | 1 | 0 |
_aCerámica contemporánea / _cGustavo Pérez. |
| 260 |
_aMéxico : _bEditorial Clío, _c2004. |
||
| 300 |
_a128 páginas : _bilustraciones a color ; _c29 cm. |
||
| 504 | _aIncluye referencias bibliográficas. | ||
| 600 | 1 | 4 |
_aPérez, Gustavo _xObras e interpretación. _933980 |
| 650 | 4 |
_aCerámica contemporánea _xMéxico. _933981 |
|
| 650 | 4 |
_aCerámica artística mexicana. _933982 |
|
| 650 | 4 |
_aAlfarería mexicana. _927671 |
|
| 650 | 4 |
_aArte cerámico contemporáneo. _933983 |
|
| 942 |
_2lcc _cBK _n1 |
||
| 999 |
_c13659 _d13659 |
||